000 00688nam a22002417a 4500
003 UA-OsUOA
001 29147
007 ta
008 20040930b un ||||| |||| 00| 0 ukr d
100 _aТихонов А.Н.
090 _a81'374.2-161.1
_bТ46
942 _cBK
040 _aUA-OsUOA
_brus
_cUA-OsUOA
_dUA-OsUOA
245 _aШкольный слово-образовательный словарь русского языка
_bПособие для учащихся
300 _a574 с.
955 _a0
041 _arus
080 _a81'374.2-161.1
260 _aМосква
_bПросвещение
_c1978
044 _aRU
650 7 _2UDC
999 _c315528
_d315528